000 00553nam a2200193 i 4500
001 27500
003 ES-MaACL
005 20230906153629.0
007 t|
008 030114s1971 sp ||||1| spa d
080 _a800.1
100 1 _aAyer, A. J.
_924144
245 1 0 _aLenguaje, verdad y lógica /
_cA. J. Ayer ; [traducción de Marcial Suárez].
260 _aBarcelona :
_bMartínez Roca,
_c[1971]
300 _a180 p. ;
_c20 cm.
650 4 _aLenguaje-
_xFilosofía.
_914344
700 0 _aSuárez, Marcial.
_9108573
852 _aES-MaACL
_jC-39153
999 _c27500
_d27500